The French Oratorians and Absolutism, 1611-1641 : (Record no. 605107)

MARC details
000 -LEADER
fixed length control field 00539nam a2200193 a 4500
008 - FIXED-LENGTH DATA ELEMENTS--GENERAL INFORMATION
fixed length control field 251223s1989##################000#0#eng##
020 ## - INTERNATIONAL STANDARD BOOK NUMBER
ISBN 9780820407890
082 04 - DEWEY DECIMAL CLASSIFICATION NUMBER
Classification number 277.30820899
Item number WIL
100 1# - MAIN ENTRY--AUTHOR NAME
Personal name Williams, Charles E.,
245 10 - TITLE STATEMENT
Title The French Oratorians and Absolutism, 1611-1641 :
260 ## - PUBLICATION, DISTRIBUTION, ETC. (IMPRINT)
Name of publisher Peter Lang Pub Incorporated,
Year of publication 1989.
300 ## - PHYSICAL DESCRIPTION
Number of Pages 494 pages
650 #0 - SUBJECT ADDED ENTRY--TOPICAL TERM
Topical Term History.
942 ## - ADDED ENTRY ELEMENTS (KOHA)
Koha item type English Books
Holdings
Withdrawn status Lost status Damaged status Not for loan Home library Current library Shelving location Date acquired Full call number Accession Number Price effective from Koha item type
        Anna Centenary Library Anna Centenary Library 3RD FLOOR, B WING 26.12.2025 277.30820899 WIL 215392 26.12.2025 English Books

Find us on the map